| 000 | 00612nam a2200181 a 4500 | ||
|---|---|---|---|
| 001 | 000025366 | ||
| 005 | 20251120073732.0 | ||
| 008 | 110215s1988 dr r 000 0 spa d | ||
| 040 |
_aDO-SdBNP _bspa _cBNPHU |
||
| 082 |
_axxxx _bxxxx |
||
| 111 | 2 |
_aSeminario _d(29-sept., 1987 _cSanto Domingo) _951940 |
|
| 245 | 1 | 3 |
_aEl sector privado y el control de cambios / _ccompilador Andrés Dauhajre. |
| 260 |
_aSanto Domingo : _bPUCMM, _c1988. |
||
| 490 | 1 |
_aEstudios _v127 |
|
| 700 | 1 |
_aDauhajre, Andrés _ecomp. _96000 |
|
| 710 | 2 |
_aPontificia Universidad Católica Madre y Maestra _9843 |
|
| 830 | 0 |
_aEstudios _n127 _951941 |
|
| 999 |
_c24858 _d24858 |
||